| 000 | 003690000a22001210004500 | ||
|---|---|---|---|
| 090 |
_aAR _b04636 |
||
| 100 | 1 |
_aIbarra Manriquez, Guillermo _998762 |
|
| 700 | 1 |
_aDirzo, Rodolfo _920484 |
|
| 245 | 1 | 0 | _aPlantas mirmecófilas arbóreas de la estación de biología Los Tuxtlas Veracruz, Mexico |
| 041 | 0 | _aEspañol | |
| 942 | _cARTICULO | ||
| 773 | 1 |
_tRev. Biol. Trop. _q79-82 p. |
|
| 999 |
_c13736 _d13736 |
||